English as a second language : (Record no. 1438)
[ view plain ]
| 000 -LEADER | |
|---|---|
| fixed length control field | 01435cam a22003135a 4500 |
| 005 - DATE AND TIME OF LATEST TRANSACTION | |
| control field | 20181010142243.0 |
| 006 - FIXED-LENGTH DATA ELEMENTS--ADDITIONAL MATERIAL CHARACTERISTICS--GENERAL INFORMATION | |
| fixed length control field | m||||fq||h 00| 0 |
| 008 - FIXED-LENGTH DATA ELEMENTS--GENERAL INFORMATION | |
| fixed length control field | 181010s2005 enka fr 000 0 eng d |
| 010 ## - LIBRARY OF CONGRESS CONTROL NUMBER | |
| LC control number | 2006275471 |
| 020 ## - INTERNATIONAL STANDARD BOOK NUMBER | |
| International Standard Book Number | 0521893453 |
| 020 ## - INTERNATIONAL STANDARD BOOK NUMBER | |
| International Standard Book Number | 9780521893459 |
| 040 ## - CATALOGING SOURCE | |
| Original cataloging agency | EG-ScBUE |
| Language of cataloging | eng |
| Transcribing agency | EG-ScBUE |
| Modifying agency | EG-ScBUE |
| 082 04 - DEWEY DECIMAL CLASSIFICATION NUMBER | |
| Classification number | 428.24 |
| Item number | LUC |
| Edition number | 22 |
| 100 1# - MAIN ENTRY--PERSONAL NAME | |
| Personal name | Lucantoni, Peter. |
| 9 (RLIN) | 33420 |
| 245 10 - TITLE STATEMENT | |
| Title | English as a second language : |
| Remainder of title | IGCSE workbook / |
| Statement of responsibility, etc | Peter Lucantoni and Lydia Kellas with Derrin Kent ; endoresd by University of Cambridge, International Examinations. |
| 260 ## - PUBLICATION, DISTRIBUTION, ETC. (IMPRINT) | |
| Place of publication, distribution, etc | Cambridge ; |
| -- | New York : |
| Name of publisher, distributor, etc | Cambridge University Press, |
| Date of publication, distribution, etc | 2005. |
| 300 ## - PHYSICAL DESCRIPTION | |
| Extent | 138 p. ; |
| Dimensions | 25 cm. + |
| Accompanying material | 1 sound disc (digital ; 4 3/4 in.) |
| 650 #7 - SUBJECT ADDED ENTRY--TOPICAL TERM | |
| Topical term or geographic name as entry element | Test of English as a Foreign Language. |
| Source of heading or term | BUEsh |
| 650 #7 - SUBJECT ADDED ENTRY--TOPICAL TERM | |
| Topical term or geographic name as entry element | English language |
| Form subdivision | Textbooks for foreign speakers |
| -- | Study guides. |
| Source of heading or term | BUEsh |
| 650 #7 - SUBJECT ADDED ENTRY--TOPICAL TERM | |
| Topical term or geographic name as entry element | English language |
| General subdivision | Examinations |
| Form subdivision | Study guides. |
| Source of heading or term | BUEsh |
| 650 #7 - SUBJECT ADDED ENTRY--TOPICAL TERM | |
| Topical term or geographic name as entry element | Universities and colleges |
| General subdivision | Entrance requirements. |
| Source of heading or term | BUEsh |
| 651 ## - SUBJECT ADDED ENTRY--GEOGRAPHIC NAME | |
| Source of heading or term | BUEsh |
| 653 ## - INDEX TERM--UNCONTROLLED | |
| Resource For college | Humanities: English |
| Arrived date list | October2018 |
| 700 1# - ADDED ENTRY--PERSONAL NAME | |
| Personal name | Kellas, Lydia. |
| 9 (RLIN) | 33423 |
| 700 1# - ADDED ENTRY--PERSONAL NAME | |
| Personal name | Kent, Derrin. |
| 710 2# - ADDED ENTRY--CORPORATE NAME | |
| Corporate name or jurisdiction name as entry element | University of Cambridge |
| Subordinate unit | Local Examinations Syndicate |
| -- | International Examinations. |
| 9 (RLIN) | 33424 |
| 856 42 - ELECTRONIC LOCATION AND ACCESS | |
| Materials specified | Publisher description |
| Uniform Resource Identifier | <a href="http://www.loc.gov/catdir/enhancements/fy0661/2006275471-d.html">http://www.loc.gov/catdir/enhancements/fy0661/2006275471-d.html</a> |
| 856 42 - ELECTRONIC LOCATION AND ACCESS | |
| Materials specified | Table of contents only |
| Uniform Resource Identifier | <a href="http://www.loc.gov/catdir/enhancements/fy0661/2006275471-t.html">http://www.loc.gov/catdir/enhancements/fy0661/2006275471-t.html</a> |
| Withdrawn status | Item status | Source of classification or shelving scheme | Damaged status | Not for loan | Vendor | Home library | Current library | Shelving location | Date acquired | Source of acquisition | Cost, normal purchase price | Total Checkouts | Full call number | Barcode | Date last seen | Cost, replacement price | Koha item type | Total Renewals | Date last borrowed | Materials specified (bound volume or other part) |
|---|---|---|---|---|---|---|---|---|---|---|---|---|---|---|---|---|---|---|---|---|
| Dewey Decimal Classification | Baccah | Central Library | Central Library | Second Floor | 06/09/2011 | Purchase | 60.00 | 428.24 LUC | 000003002 | 15/07/2025 | 75.00 | NB - Book (Non borrowing) | ||||||||
| Dewey Decimal Classification | Baccah | Central Library | Central Library | Second Floor | 06/09/2011 | Purchase | 60.00 | 428.24 LUC | 000003001 | 15/07/2025 | 75.00 | Book - Borrowing | ||||||||
| Dewey Decimal Classification | Baccah | Central Library | Central Library | Second Floor | 06/09/2011 | Purchase | 60.00 | 428.24 LUC | 000003000 | 15/07/2025 | 75.00 | Book - Borrowing | ||||||||
| Dewey Decimal Classification | Baccah | Central Library | Central Library | Second Floor | 06/09/2011 | Purchase | 60.00 | 1 | 428.24 LUC | 000002999 | 15/07/2025 | 75.00 | Book - Borrowing | 17 | 11/09/2014 | |||||
| Lost | Dewey Decimal Classification | Baccah | Central Library | Central Library | Second Floor | 06/09/2011 | Purchase | 60.00 | 428.24 LUC | 000002998 | 21/06/2013 | 75.00 | Book - Borrowing | Lost In Inventory_2015-8-23 | ||||||
| Dewey Decimal Classification | Baccah | Central Library | Central Library | Second Floor | 06/09/2011 | Purchase | 60.00 | 428.24 LUC | 000002997 | 15/07/2025 | 75.00 | Book - Borrowing | ||||||||
| Dewey Decimal Classification | Baccah | Central Library | Central Library | Second Floor | 06/09/2011 | Purchase | 60.00 | 428.24 LUC | 000002996 | 15/07/2025 | 75.00 | Book - Borrowing | ||||||||
| Dewey Decimal Classification | Baccah | Central Library | Central Library | Second Floor | 06/09/2011 | Purchase | 60.00 | 428.24 LUC | 000002995 | 15/07/2025 | 75.00 | Book - Borrowing | ||||||||
| Dewey Decimal Classification | Baccah | Central Library | Central Library | Second Floor | 06/09/2011 | Purchase | 60.00 | 428.24 LUC | 000002994 | 15/07/2025 | 75.00 | Book - Borrowing | ||||||||
| Dewey Decimal Classification | Baccah | Central Library | Central Library | Second Floor | 06/09/2011 | Purchase | 60.00 | 428.24 LUC | 000002993 | 15/07/2025 | 75.00 | Book - Borrowing |